Residential Development Land Index (Record no. 115448)

MARC details
000 -LEADER
fixed length control field 01116cab a22002175a 4500
001 - CONTROL NUMBER
control field L158674
008 - FIXED-LENGTH DATA ELEMENTS--GENERAL INFORMATION
fixed length control field 100520s2015 xxkd f s 000 0 eng d
035 ## - SYSTEM CONTROL NUMBER
System control number (Sirsi) u158674
041 0# - LANGUAGE CODE
Language code of text/sound track or separate title eng
110 2# - MAIN ENTRY--CORPORATE NAME
Corporate name or jurisdiction name as entry element Knight Frank
9 (RLIN) 1530
245 00 - TITLE STATEMENT
Title Residential Development Land Index
Remainder of title Development land prices dip in Q1
Medium [electronic resource]
260 ## - PUBLICATION, DISTRIBUTION, ETC.
Date of publication, distribution, etc. 2015
490 #0 - SERIES STATEMENT
Series statement Knight Frank Residential Development Land Index
Volume/sequential designation 1Q 2015
520 ## - SUMMARY, ETC.
Summary, etc. Examines the latest market trends. Average greenfield residential development land prices fell by 1.8% in Q1, taking the annual change to -0.5%. Land values in price central London remained unchanged in Q1, the first time they have not risen since the index began in 2012. On an annual basis, prime central London development land prices up 18.5% in Q1.
590 ## - LOCAL NOTE (RLIN)
Local note KA NTK
650 24 - SUBJECT ADDED ENTRY--TOPICAL TERM
Topical term or geographic name entry element KNIGHT FRANK RESIDENTIAL LAND INDEX
651 #4 - SUBJECT ADDED ENTRY--GEOGRAPHIC NAME
Geographic name United Kingdom
Chronological subdivision
690 ## - LOCAL SUBJECT ADDED ENTRY--TOPICAL TERM (OCLC, RLIN)
Topical term or geographic name as entry element Residential property
9 (RLIN) 6266
856 40 - ELECTRONIC LOCATION AND ACCESS
Uniform Resource Identifier <a href="https://content.knightfrank.com/research/161/documents/en/q1-2015-2860.pdf">https://content.knightfrank.com/research/161/documents/en/q1-2015-2860.pdf</a>
Public note View the news release free of charge at www.knightfrank.co.uk...
942 ## - ADDED ENTRY ELEMENTS (KOHA)
Suppress in OPAC 0
Holdings
Withdrawn status Lost status Source of classification or shelving scheme Damaged status Not for loan Home library Current library Shelving location Date acquired Total Checkouts Full call number Barcode Date last seen Copy number Price effective from Koha item type
    Dewey Decimal Classification     Virtual Virtual Online 05/06/2015   ONLINE PUBLICATION 158674-2001 06/08/2019 1 06/08/2019 Book